00942nab a22002057a 4500999001500000003000400015005001700019008004100036040000700077100002500084245016700109260007300276300001300349500004400362505009000406650005800496650002300554773014600577942001300723 c5388d5388OSt20250310095142.0190604e xxu||||| |||| 00| 0 spa d cPJ 93825aYuba, Gabriela10aPrograma de Promoción de Derechos de Niñas, Niños y Adolescentes. Comentario a la resolución 1100/CDNNYA/24 de la Ciudad de Buenos Aires /cGabriela Yuba. aCiudad Autónoma de Buenos Aires :bThomson Reuters La Ley, c2025. ap. 68-70 aCita Online: TR LALEY AR/DOC/2990/2024. t¿Te interesa el texto completo? Solicitalo al correo: koha@justierradelfuego.gov.ar  092741aDERECHOS DE LAS NIÑAS, NIÑOS Y ADOLESCENTES 095662aADOLESCENTES0 0271493171dCiudad Autónoma de Buenos Aires : Thomson Reuters La Ley, 2014-tRevista anales de legislación argentina. Nº 3 - Marzo 2025. 2udccANA